书目信息 |
| 题名: |
西方现代派美术
|
|
| 作者: | 鲍诗度 著 | |
| 分册: | ||
| 出版信息: | 北京 中国青年出版社 1993.01 |
|
| 页数: | 394页 | |
| 开本: | 32开 | |
| 丛书名: | ||
| 单 册: | ||
| 中图分类: | J209.9 | |
| 科图分类: | ||
| 主题词: | 绘画理论 | |
| 电子资源: | ||
| ISBN: | 7-5006-1213-3 | |
| 000 | 00541nam0 2200193 45 | |
| 001 | 0011190982 | |
| 005 | 20001119093535.5 | |
| 010 | @a7-5006-1213-3@d23.40元 | |
| 100 | @a20001119d1993 km y0chiy0120 ea | |
| 101 | 0 | @achi |
| 105 | @a z 000yy | |
| 200 | 1 | @a西方现代派美术@AXi Fang Xian Dai Pai Mei Shu@f鲍诗度著@FBao Shi Du Zhu |
| 210 | @a北京@c中国青年出版社@d1993.01 | |
| 215 | @a394页@d32开 | |
| 606 | 0 | @a绘画理论 |
| 690 | @aJ209.9@v3 | |
| 701 | 0 | @a鲍诗度@4著 |
| 801 | @aCN@bPftUser@c20001119 | |
| 905 | @b413415-416@dJ209.9@eB201@f2 | |
| 西方现代派美术/鲍诗度著.-北京:中国青年出版社,1993.01 |
| 394页;32开 |
| ISBN 7-5006-1213-3:23.40元 |
| ● |
| 相关链接 |
|
|
|
正题名:西方现代派美术
索取号:J209.9/B201
 
预约/预借
| 序号 | 登录号 | 条形码 | 馆藏地/架位号 | 状态 | 备注 |
| 1 | 413415 | 204134150 | 社科库309/309社科库 67排4列5层/ [索取号:J209.9/B201] | 在馆 |